| 000 | 00865nac a22001811u 4500 | ||
|---|---|---|---|
| 008 | 100810s1973Ua|||||r|||| 000 0dara d | ||
| 082 |
_a210.8 _bم ح م |
||
| 100 |
_aمحمود، عبد الحليم _914336 |
||
| 245 |
_aأستاذ السائرين: _b/الحارث بن أسد المحاسبى _cعبدالحليم محمود |
||
| 260 |
_aالقاهرة: _bدار الكتب الحديثة، 1973 _c1973 |
||
| 300 |
_a332ص؛ _c24 سم |
||
| 504 | _aيشتمل على إرجاعات ببليوجرافية | ||
| 511 | _aCatalogued by: Sara | ||
| 541 |
_aألف باء _cشراء |
||
| 600 |
_917368 _aالمحاسبى، الحارث بن أسد |
||
| 942 |
_cBB _k210.8 م ح م _2ddc |
||
| 999 |
_c6987 _d6987 |
||